000 00302nam a22001097a 4500
082 _a327.1973 BAI'M
100 _aBALLY, THOMAS A
_957944
245 _aTHE MAN IN THE STREET THE IMPACT OF AMERICAN PUBLIC OPINION OF FOREIGN POLICY
260 _aNEWYORK
_bMACMILLAN
_c1948
300 _a334P
942 _cBK
999 _c568181
_d568181